| 000 | 00938nas a2200313 4500 | ||
|---|---|---|---|
| 001 | BR9900517 | ||
| 003 | BR-BrBNA | ||
| 005 | 20231205101220.0 | ||
| 007 | ta | ||
| 008 | 230509b bl.|||p| |||| 00| 00por d | ||
| 040 |
_aBR-BrBNA _bpor _cBiblioteca Nacional de Agricultura |
||
| 041 | _a(Pt) | ||
| 072 | _aH20 | ||
| 100 | 1 | _aLeite Junior, R.P. | |
| 100 | 1 | _aLeite, R.M.V.B. de C. | |
| 100 | 1 | _aCeresini, P.C. | |
| 245 | 1 | _aAusencia de patogenicidade de Xylella fastidiosa da escaldadura da folha da ameixeira na cultivar de pessegueiro Flordasun | |
| 650 | _aAmeixa | ||
| 650 | _aPessego | ||
| 650 | _aBacteria | ||
| 650 | _aFolha | ||
| 650 | _aVariedade | ||
| 650 | _aPatogenicidade | ||
| 650 | _aEnxerto | ||
| 650 | _aElisa | ||
| 773 | 0 |
_tPesquisa Agropecuaria Brasileira (Brazil) _xISSN 0100-204X _g(Oct 1998), v. 33(10) p. 1653-1660 _wBR9900517 |
|
| 909 |
_a202311 _bLúcia _c55 _dLúcia Elande |
||
| 942 |
_2AGRIS _n0 _cANA |
||
| 999 |
_c160468 _d160468 |
||